书目信息 |
| 题名: |
建筑运维期结构安全评价方法及应用系统
|
|
| 作者: | 焦柯 主编 | |
| 分册: | ||
| 出版信息: | 北京 中国建筑工业出版社 2024.12 |
|
| 页数: | 296页 | |
| 开本: | 26cm | |
| 丛书名: | ||
| 单 册: | ||
| 中图分类: | TU714 | |
| 科图分类: | ||
| 主题词: | 建筑工程--jian zhu gong cheng--安全管理--研究 | |
| 电子资源: | ||
| ISBN: | 978-7-112-30263-5 | |
| 000 | 00995nam0 2200241 450 | |
| 001 | 90266 | |
| 005 | 20250815153728.66 | |
| 010 | @a978-7-112-30263-5@dCNY79.00 | |
| 100 | @a20250212d2024 em y0chiy50 ea | |
| 101 | 0 | @achi |
| 102 | @aCN@b110000 | |
| 105 | @aab a 000yy | |
| 106 | @ar | |
| 200 | 1 | @a建筑运维期结构安全评价方法及应用系统@Ajian zhu yun wei qi jie gou an quan ping jia fang fa ji ying yong xi tong@f焦柯主编 |
| 210 | @a北京@c中国建筑工业出版社@d2024.12 | |
| 215 | @a296页@c图, 地图@d26cm | |
| 320 | @a有书目 | |
| 330 | @a本书共分为10章, 包括建筑运维期安全管理模式、物业安全咨询与顾问服务、结构安全数据采集与评估指标、结构安全直接评估方法、结构安全层次评估方法、结构安全人工智能评估方法、结构安全模态损伤识别评估方法、基于物联网的建筑物健康监测系统、城乡建筑群安全评估与决策系统等。 | |
| 606 | 0 | @a建筑工程@Ajian zhu gong cheng@x安全管理@x研究 |
| 690 | @aTU714@v5 | |
| 701 | 0 | @a焦柯@Ajiao ke@4主编 |
| 801 | 0 | @aCN@c20250909 |
| 905 | @a河南城建学院图书馆@dTU714@eJ667@f1 | |
| 建筑运维期结构安全评价方法及应用系统/焦柯主编.-北京:中国建筑工业出版社,2024.12 |
| 296页:图, 地图;26cm |
| ISBN 978-7-112-30263-5:CNY79.00 |
| 本书共分为10章, 包括建筑运维期安全管理模式、物业安全咨询与顾问服务、结构安全数据采集与评估指标、结构安全直接评估方法、结构安全层次评估方法、结构安全人工智能评估方法、结构安全模态损伤识别评估方法、基于物联网的建筑物健康监测系统、城乡建筑群安全评估与决策系统等。 |
| ● |
| 相关链接 |
|
|
|
正题名:建筑运维期结构安全评价方法及应用系统
索取号:TU714/J667
 
预约/预借
| 序号 | 登录号 | 条形码 | 馆藏地/架位号 | 状态 | 备注 |
| 1 | 1624228 | 216242288 | 建筑库201/201建筑库 25排4列1层/ [索取号:TU714/J667] | 在馆 |